000 00309nam a2200133Ia 4500
005 20251222155126.0
008 251222s9999||||xx |||||||||||||| ||spa||
082 _aSIQ.13
100 _aTRAVELBEE
245 0 _aIntervencion Enfermería Psiquiatrica
250 _a2da. ed.
264 _bOPS/OMS
942 _cLIB
999 _c38621
_d38621